Rhythmic Compound Words #2 - Statistics

General Stats
  • This quiz has been taken 395 times
  • The average score is 16 of 20
Answer Stats
Definition Hint Answer % Correct
Trickery Hocus Pocus
100%
Bell sound Ding Dong
98%
Satchel carried on back Back Pack
98%
Thong slippers, change of mind Flip Flop
97%
Genre of music Hip Hop
96%
Chocolate candy bar Kit Kat
96%
Idle talk Chitter Chatter
95%
Questionable activity Hanky Panky
90%
In all directions Helter Skelter
87%
Television Boob Tube
86%
Chills of fright Heebie Jeebies
81%
Old-fashioned person Fuddy Duddy
75%
Very relaxed Loosey Goosey
73%
Boringly routine Hum Drum
71%
Con game Flim Flam
70%
To drink down in one swallow Chug-a- Lug
67%
Quite useful Handy Dandy
66%
Sea garbage Flotsam Jetsam
62%
Trinket Doo Dad
49%
Aggressive lawyer Legal Beagle
39%
No matching quizzes found
Score Distribution
Percent of People with Each Score
Percentile by Number Answered
Your Score History
You have not taken this quiz